Statistics for Ninjago characters

Click here to take the quiz!

General Stats

  • This quiz has been taken 17 times
  • The average score is 39 of 54

Answer Stats

HintAnswer% Correct
master of earthcole
100%
master of lightningjay
100%
master of firekai
100%
master of energylloyd
100%
master of destructionlord garmadon
100%
master of energy's mommisako
100%
master of waternya
100%
anacondri generalpythor
100%
master of creationsensei wu
100%
hypnobri generalskales
100%
giant snake that devours allthe great devourer
100%
master of icezane
100%
venomari generalacidicus
89%
creator of ↑cyrus borg
89%
owns the dojodareth
89%
zane's girlfriendpixal
89%
fangpire generalfangtom
78%
skeleton idiot 1kruncha
78%
creator of the tournament of elementsmaster chen
78%
season 6 main villiannadakhan
78%
s2 villanoverlord
78%
skeleton generalsamukai
78%
constricti generalskalidor
78%
time twin 2acronix
67%
second in command of ↑clouse
67%
general of robot armycryptor
67%
largest member of misfortunes keepdogshank
67%
two faced member of misfortunes keepdoubloon
67%
second in command of ↑flintlocke
67%
master of speedgriffin
67%
the quiet oneharumi
67%
master of metalkarlof
67%
time twin 1krux
67%
mechanical monkeymonkey wretch
67%
skeleton idiot 2nukal
67%
master of amberskylor
67%
serpentine villian of season 11aspheera
56%
low man of the totem poleclancee
56%
heavy metalfaith
56%
gecklegleck
56%
master of gravitygravis
56%
emperor of the never realmice emperor
56%
Low-ranking general of the Sons of Garmadonkillow
56%
master of windmorro
56%
sons of garmadon membermr e
56%
master of lightpaleman
56%
season 13 villanskull sorcerer
56%
master of poisontox
56%
sons of garmadon memberultra violet
56%
second in command of ↑vex
56%
season 12 villianunagami
44%
giant serpentinewojira
44%
main season 15 villankalmar
33%
season 12 mechanicscott
33%

Score Distribution

Percentile by Number Answered

Percent of People with Each Score

Your Score History

You have not taken this quiz